| 000 | 00609nac a22001451u 4500 | ||
|---|---|---|---|
| 008 | 080904s1949 eu||||| |||| 00| 0 ara d | ||
| 082 |
_a189 _bس ي ن _222 |
||
| 100 |
_aابن سينا ، أبو علي الحسين ابن عبد الله _9398 |
||
| 245 |
_aرسالة أضحوية في أمر المعاد / _cللشيخ الرئيس; ضبطها وحققها سليمان دنيا |
||
| 260 |
_a[القاهرة] : _bدار الفكر العربي ,1949. _c1949. |
||
| 300 |
_a127 ص ; _c24 سم . |
||
| 511 | _aCatalogued by: Sara | ||
| 541 |
_aالف باء؛ _cشراء؛ |
||
| 942 |
_cBB _k189س ي ن _2ddc |
||
| 999 |
_c7218 _d7218 |
||